| 000 | 01089cam a2200313 i 4500 | ||
|---|---|---|---|
| 001 | 19238638 | ||
| 005 | 20200110184851.0 | ||
| 008 | 160820s2014 tu b 000 0 tur c | ||
| 906 |
_a7 _bcbc _cpccadap _d2 _encip _f20 _gy-gencatlg |
||
| 925 | 0 |
_aacquire _b1 shelf copy _xpolicy default |
|
| 010 | _a 2015354652 | ||
| 020 | _a9789754648256 | ||
| 035 | _a(OCoLC)ocn919163751 | ||
| 040 |
_aNjP _beng _cPUL _erda _dOCLCO _dOCLCF _dDLC |
||
| 042 |
_apcc _alcode |
||
| 043 | _aa-tu--- | ||
| 050 | 0 | 0 |
_aKKX540 _b.T36 2014 |
| 100 | 1 |
_aTanrıver, Süha, _eauthor. |
|
| 245 | 1 | 0 |
_aTürk aile mahkemeleri / _cProf. Dr. Süha Tanrıver, Ankara Üniversitesi Hukuk Fakültesi, Öğretim Üyesi. |
| 264 | 1 |
_aAnkara : _bYetkin Yayınları, _c2014. |
|
| 300 |
_a118 pages ; _c20 cm |
||
| 336 |
_atext _btxt _2rdacontent |
||
| 337 |
_aunmediated _bn _2rdamedia |
||
| 338 |
_avolume _bnc _2rdacarrier |
||
| 504 | _aIncludes bibliographical references (pages 13-17). | ||
| 650 | 0 |
_aDomestic relations courts _zTurkey. |
|
| 985 | _eODE-ca | ||
| 999 |
_c200437086 _d55298 |
||